Vulcanized rubbers- Determination of tension set under constant elongation at normal and high temperature. (Record no. 74081)

MARC details
000 -LEADER
fixed length control field 00406nam a2200133Ia 4500
245 #0 - TITLE STATEMENT
Title Vulcanized rubbers- Determination of tension set under constant elongation at normal and high temperature.
260 ## - PUBLICATION, DISTRIBUTION, ETC. (IMPRINT)
Year of publication 1975
500 ## - GENERAL NOTE
General note Standard number: ISO 2285
650 ## - SUBJECT ADDED ENTRY--TOPICAL TERM
Topical Term Temperature
650 ## - SUBJECT ADDED ENTRY--TOPICAL TERM
Topical Term Tension set
650 ## - SUBJECT ADDED ENTRY--TOPICAL TERM
Topical Term Vulcanized rubber
942 ## - ADDED ENTRY ELEMENTS (KOHA)
Koha item type Standards
Holdings
Withdrawn status Lost status Damaged status Not for loan Collection code Home library Current library Date acquired Koha item type
      Standards ISO standards RRII Library RRII Library 31/12/2021 Standards